Score 0/20 Timer 06:00
19 Plays Today
% Correct
Oh. So how many cameras are actually on you?
94.2%
No, it bothered me when he slept with other women.
93.8%
No, I had sex in high school.
93.5%
You're the worst writer in the whole world!
92.5%
That's great Pheebs, now all you have to do is find a plane load of people whose resolution is to plummet to their deaths.
91.6%
fell in love with a gay ice dancer, threw a girl’s wooden leg in a fire, LIVE IN A BOX!
91.3%
I'm not questioning it, Phoebe, I'm saying it's stupid.
91.3%
I already have a unicorn baptism and a leprechaun Bar Mitzvah.
91.1%
Why is your family Ross?!
90.8%
You're not even man enough to get the channel that carries this sport.
89%
% Correct
And Ross was what? A lion tamer?
88.5%
Really? Then why do you throw like one?
87.7%
Are you dating a character from 'Fraggle Rock'?
86.5%
Or maybe she has trouble loosening your knots because you're such a high-maintenance tight-ass!
86.3%
If you didn't eat fast, you didn't eat!
85%
There's gotta be something wrong with him.
84.4%
It's what some people sing in!
84.1%
What are you, a girl?
79.8%
Your parents never gave you a chance.
77.8%
Works on you.
63.6%

You're not logged in!

Compare scores with friends on all Sporcle quizzes.
OR
Log In

Sporcle TV

Today on Sporcle TV


Watch our educational content, quiz creation guides, and fun videos on Sporcle TV.

Show Comments

Extras

Top Quizzes Today


Score Distribution

Paid Content

Your Account Isn't Verified!

In order to create a playlist on Sporcle, you need to verify the email address you used during registration. Go to your Sporcle Settings to finish the process.

Report this User

Report this user for behavior that violates our Community Guidelines.

Details: